[Event "Pan American-ch Hybrid U12 Girls 31st"]
[Site "Tornelo INT"]
[Date "2021.09.04"]
[Round "2"]
[White "Silva, Juliana FT"]
[Black "Ramazzotte, Esther Zilli"]
[Result "0-1"]
[WhiteElo "1250"]
[BlackElo "1277"]
[PlyCount "92"]
[EventDate "2021.09.04"]
[EventType "swiss"]
[EventRounds "9"]
[EventCountry "NET"]
[SourceTitle "EXT 2023"]
[Source "ChessBase"]
[SourceDate "2022.10.05"]
[SourceVersion "1"]
[SourceVersionDate "2022.10.05"]
[SourceQuality "1"]

1. d4 Nf6 2. Nf3 e6 3. Bf4 d5 4. e3 Bd6 5. Bg3 0-0 6. Bd3 b6 7. c3 Ba6 8. Bxa6 Nxa6 9. Qd3 Nb8 10. Nbd2 c5 11. c4 Nc6 12. a3 Rc8 13. Rc1 cxd4 14. exd4 dxc4 15. Nxc4 Bxg3 16. hxg3 b5 17. Ncd2 Nb4 18. axb4 Rxc1+ 19. Ke2 Rxh1 20. Nf1 Rh5 21. Ne5 Rxe5+ 22. dxe5 Qxd3+ 23. Kxd3 Nd5 24. Nd2 Nxb4+ 25. Kc3 Nd5+ 26. Kd3 a5 27. Nb3 a4 28. Nd4 b4 29. Nc2 Ra8 30. Kc4 a3 31. bxa3 bxa3 32. Kb3 a2 33. Kb2 Nb6 34. Ka1 Nc4 35. Nb4 Nxe5 36. g4 Nxg4 37. g3 Nxf2 38. g4 Nxg4 39. Nd3 h5 40. Ne1 h4 41. Nf3 h3 42. Ng1 h2 43. Kb2 a1Q+ 44. Kc2 Ra2+ 45. Kd3 Qd1+ 46. Ke4 Ra4# 0-1

[Event "Pan American-ch Hybrid U12 Girls 31st"]
[Site "Tornelo INT"]
[Date "2021.09.04"]
[Round "9"]
[White "Silva, Juliana FT"]
[Black "Salazar Salinas, Maria Jose"]
[Result "1/2-1/2"]
[WhiteElo "1250"]
[BlackElo "1011"]
[PlyCount "148"]
[EventDate "2021.09.04"]
[EventType "swiss"]
[EventRounds "9"]
[EventCountry "NET"]
[SourceTitle "EXT 2023"]
[Source "ChessBase"]
[SourceDate "2022.10.05"]
[SourceVersion "1"]
[SourceVersionDate "2022.10.05"]
[SourceQuality "1"]

1. d4 Nf6 2. Nf3 e6 3. Bf4 d5 4. e3 c5 5. c3 Nc6 6. Be2 Bd6 7. Bg3 0-0 8. Nbd2 a5 9. Bxd6 Qxd6 10. 0-0 b6 11. Qc2 Ne7 12. Ne5 Ng6 13. Ndf3 Nd7 14. Nxd7 Bxd7 15. b3 a4 16. c4 cxd4 17. exd4 dxc4 18. bxc4 Bc6 19. Rfd1 Nf4 20. Rab1 Nxe2+ 21. Qxe2 Rab8 22. Qd3 f5 23. Qe3 Be4 24. Rb5 Qc6 25. Ne5 Qd6 26. f3 Bc6 27. Rb2 b5 28. c5 Qd5 29. Re1 Rfe8 30. a3 Bd7 31. Rb4 Qb7 32. Nc4 Qa7 33. Nd6 Re7 34. Reb1 Bc6 35. Nxb5 Bxb5 36. Rxb5 Rbe8 37. Rb6 Qd7 38. R1b4 g6 39. Qe5 Qd5 40. Rxa4 Qa2 41. Qe1 e5 42. Qb1 Qe2 43. d5 Qe3+ 44. Kh1 Qxc5 45. Rb5 Qd6 46. Qb4 Qc7 47. Rc5 Qd6 48. Qc4 Rb7 49. Rb4 Ra7 50. a4 e4 51. Rb1 e3 52. Re1 Rb7 53. Rb5 Rc7 54. Qb3 Rc5 55. Rxc5 Qxc5 56. d6+ Kf8 57. d7 Rd8 58. Qd3 Qc6 59. Qxe3 Qxd7 60. Qc5+ Kg8 61. a5 Rc8 62. Qb6 Re8 63. Qb3+ Kh8 64. Qc3+ Kg8 65. Rxe8+ Qxe8 66. a6 Qa4 67. Qc8+ Kg7 68. Qb7+ Kg8 69. g3 Qd1+ 70. Kg2 Qd2+ 71. Kh3 Qh6+ 72. Kg2 Qd2+ 73. Kg1 Qe1+ 74. Kg2 Qd2+ 1/2-1/2

[Event "Pan American-ch Hybrid U12 Girls 31st"]
[Site "Tornelo INT"]
[Date "2021.09.04"]
[Round "5"]
[White "Silva, Juliana FT"]
[Black "Usui, Gabriella Yumi"]
[Result "1-0"]
[WhiteElo "1250"]
[BlackElo "1394"]
[PlyCount "139"]
[EventDate "2021.09.04"]
[EventType "swiss"]
[EventRounds "9"]
[EventCountry "NET"]
[SourceTitle "EXT 2023"]
[Source "ChessBase"]
[SourceDate "2022.10.05"]
[SourceVersion "1"]
[SourceVersionDate "2022.10.05"]
[SourceQuality "1"]

1. d4 Nf6 2. Nf3 d5 3. Bf4 c5 4. c3 Nc6 5. e3 Qb6 6. Qb3 c4 7. Qxb6 axb6 8. Nbd2 b5 9. a3 b4 10. cxb4 Nxb4 11. Rc1 Nc6 12. Be2 Bf5 13. 0-0 e6 14. Ne5 Nxe5 15. Bxe5 Nd7 16. Bg3 Be7 17. e4 Bg6 18. f4 Nf6 19. exd5 exd5 20. Bh4 Ne4 21. Nf3 Bh5 22. Bxe7 Kxe7 23. Rfe1 f6 24. Bxc4 Kd6 25. Bd3 Bg6 26. Nh4 Rhe8 27. Nxg6 hxg6 28. Bxe4 Rxe4 29. Rxe4 dxe4 30. Kf2 Ra6 31. Ke3 f5 32. Rc5 Rb6 33. b4 Ra6 34. Rc3 b5 35. g4 Ke6 36. h4 Kd6 37. h5 Kd7 38. hxg6 fxg4 39. f5 g3 40. Kxe4 g2 41. Rg3 g1Q 42. Rxg1 Rxa3 43. f6 Ra6 44. fxg7 Re6+ 45. Kd5 Rd6+ 46. Kc5 Rc6+ 47. Kxb5 Rc8 48. Rf1 Rg8 49. Rf8 Rxg7 50. Rf7+ Rxf7 51. gxf7 Ke7 52. Kc6 Kxf7 53. b5 Ke6 54. b6 Kf5 55. b7 Ke4 56. b8Q Kxd4 57. Qe8 Kc4 58. Qd7 Kb4 59. Qd5 Kc3 60. Qe4 Kb3 61. Kb5 Kc3 62. Qc4+ Kd2 63. Qb3 Ke2 64. Kc4 Kf2 65. Kd4 Kg2 66. Ke4 Kh2 67. Kf4 Kg2 68. Qf3+ Kh2 69. Qg4 Kh1 70. Kf3 1-0

[Event "Aracaju rapid op"]
[Site "Aracaju"]
[Date "2020.01.18"]
[Round "2"]
[White "Acioli, Luyse Victoria Gome"]
[Black "Silva, Juliana FT"]
[Result "1-0"]
[WhiteElo "1900"]
[BlackElo "1917"]
[PlyCount "42"]
[EventDate "2020.01.18"]
[EventType "swiss"]
[EventRounds "4"]
[EventCountry "BRA"]
[SourceTitle "CBM 194 Extra"]
[Source "ChessBase"]
[SourceDate "2020.03.31"]
[SourceVersion "1"]
[SourceVersionDate "2020.03.31"]
[SourceQuality "1"]

1. d4 Nf6 2. c4 g6 3. Nc3 Bg7 4. Nf3 d6 5. e4 0-0 6. Be2 Nbd7 7. 0-0 e5 8. dxe5 Nxe5 9. Nxe5 dxe5 10. Qxd8 Rxd8 11. Bg5 Be6 12. f4 Rd4 13. fxe5 Nxe4 14. Be3 Nxc3 15. bxc3 Re4 16. Rf3 Bg4 17. Bd3 Rxe5 18. Rg3 Bf5 19. Bxf5 Rxf5 20. Bd4 Re8 21. Bxg7 Kxg7 1-0